000 01397cam a22004935i 4500
001 23294344
005 20241113152225.0
008 230303s2022 ii a 000 0beng d
010 _a 2023345868
020 _a9789355432346
020 _a9355432348
025 _aI-E-2023345868; 99-13
035 _a(OCoLC)on1371818824
035 _a(OCoLC)1371818824
041 1 _aeng
_hhin
042 _alccopycat
_alcode
043 _aa-ii---
082 0 4 _a891.439171
100 1 _aMaṇḍaloī, Aravinda,
245 1 0 _aJadunama : Javed Akhtars Journey
260 _aNoida
_bAmaryllis
_c2022
264 1 _aNoida, U.P., India :
_bAmaryllis,
_c2022.
300 _a339 pages
_billustrations (black and white, and colour) ;
_c32 cm
336 _atext
_btxt
_2rdacontent
336 _astill image
_bsti
_2rdacontent
337 _aunmediated
_bn
_2rdamedia
338 _avolume
_bnc
_2rdacarrier
365 _aRS
_b1478
_cRupees
500 _a
650 0 _aPoets, Urdu
650 0 _aPoets, Hindi
650 0 _aScreenwriters
650 0 _aLyricists
650 0 _aPolitical activists
650 7 _aLyricists.
650 7 _aPoets, Hindi.
650 7 _aPoets, Urdu.
650 7 _aPolitical activists.
650 7 _aScreenwriters.
700 1 _aJalil, Rakhshanda,
906 _a7
_bpar
_ccopycat
_d3
_encip
_f20
_gy-gencatlg
942 _cBK
999 _c43141
_d43141